MARC

LEADER 00000nam0a2200000 4500
001 42695
005 20231031015626.0
010 |a 5811000383 
035 |a (RuTPU)RU\TPU\book\44067 
090 |a 42695 
100 |a 20020916d2001 m y0rusy50 ca 
101 0 |a rus 
102 |a RU 
105 |a a j 001zy 
200 1 |a Организация и планирование машиностроительного производства  |e учебное пособие  |f Л. В. Тюленев 
210 |a СПб.  |c Бизнес-Пресса  |d 2001 
215 |a 304 с.  |c ил. 
320 |a Библиогр.: с. 301-303 
610 1 |a машиностроение 
610 1 |a производство 
610 1 |a организация 
610 1 |a планирование 
610 1 |a продукция 
610 1 |a нормативы 
610 1 |a услуги 
610 1 |a инновации 
610 1 |a техническое обеспечение 
610 1 |a обслуживание 
610 1 |a учебные пособия 
675 |a 621.002:658.51(075.8)  |v 3 
700 1 |a Тюленев  |b Л. В.  |g Леонид Васильевич 
801 1 |a RU  |b 63413507  |c 20020916  |g PSBO 
801 2 |a RU  |b 63413507  |c 20040723  |g PSBO 
900 |a Машиностроение 
942 |c BK 
952 |a 552900  |b 060800